| 000 | 00933nam a2200241 i 4500 | ||
|---|---|---|---|
| 001 | 183361 | ||
| 003 | ES-MaACL | ||
| 005 | 20240125063158.0 | ||
| 008 | 140331s1923 sp | |||| ||spa d | ||
| 080 | _a159.942.52 | ||
| 080 | _a159.964.2 | ||
| 100 | 1 |
_aFreud, Sigmund, _d1856-1939 _952547 |
|
| 245 | 1 | 0 |
_aInhibición, sintoma y angustia _b; Las neurosis de defensa y otros ensayos / _cSigmund Freud ; traducción directa del alemán, por Luis López-Ballesteros y Torres. |
| 260 |
_aMadrid : _bBiblioteca Nueva, _c[1923] ( _eSegovia : _fEl Adelantado de Segovia) |
||
| 300 |
_a265 p. ; _c22 cm. |
||
| 490 | 1 |
_aObras completas del profesor S. Freud ; _v11 |
|
| 650 | 4 |
_aAnsiedad. _9154650 |
|
| 650 | 0 | 4 |
_aPsicoanálisis. _916530 |
| 700 | 1 |
_aLópez-Ballesteros y de Torres, Luis. _973432 |
|
| 830 | 0 |
_aObras completas del profesor S. Freud ; _v11 _9191914 |
|
| 852 |
_aES-MaACL _jC-21035 |
||
| 999 |
_c183361 _d183361 |
||